000
00321nam a2200133Ia 4500
008
240624s9999 xx 000 0 und d
041
_a
eng
082
_a
658.45 HBR
100
_a
HBR
245
_a
BUSINESS COMMUNICATION 9 STEPS TO HELP Y
260
_c
2003
_a
Boston
_b
HBR
300
_a
162 : p. : cm. ; 28
365
_c
RS
999
_c
26783
_d
26783